UBT Library

Elements of zoology (Record no. 44344)

000 -LEADER
fixed length control field 00517nam a2200205 4500
001 - CONTROL NUMBER
control field 4539822
005 - DATE AND TIME OF LATEST TRANSACTION
control field 20180307092009.0
008 - FIXED-LENGTH DATA ELEMENTS--GENERAL INFORMATION
fixed length control field 680301s1968 nyua b 000 0 eng
010 ## - LIBRARY OF CONGRESS CONTROL NUMBER
LC control number 68019492
040 ## - CATALOGING SOURCE
Original cataloging agency DLC
Transcribing agency DLC
Modifying agency DLC
041 ## - LANGUAGE CODE
Language code of text/sound track or separate title eng
080 ## - UNIVERSAL DECIMAL CLASSIFICATION NUMBER
Universal Decimal Classification number 591 pau
082 00 - DEWEY DECIMAL CLASSIFICATION NUMBER
Classification number 591 pau
100 1# - Rafti
Rafti 7
101 ## - Shkurtesa
Shkurtesa zoo
245 10 - TITLE STATEMENT
Title Elements of zoology
Statement of responsibility, etc [by] Paul B. Weisz.
504 ## - BIBLIOGRAPHY, ETC. NOTE
Bibliography, etc Includes bibliographical references.
906 ## - LOCAL DATA ELEMENT F, LDF (RLIN)
a 7
b cbc
c orignew
d u
e ncip
f 19
g y-gencatlg
942 ## - ADDED ENTRY ELEMENTS (KOHA)
Source of classification or shelving scheme
Item type Books
Holdings
Withdrawn status Lost status Source of classification or shelving scheme Damaged status Not for loan Collection code Permanent location Current location Shelving location Date acquired Total Checkouts Full call number Barcode Date last seen Price effective from Koha item type
          Koleksioni i përgjithshem UBT - Lipjan UBT - Lipjan Koleksioni i përgjithshem 03/07/2018   591 pau 002-3001019 03/07/2018 03/07/2018 Books
UBT Library © 2015-2024. All rights reserved University Education for Business and Technology